[Event "Septmber blitz"]
[Site "SchemingMind.com"]
[Date "2015.09.18"]
[Round "-"]
[White "emvarela"]
[Black "Aba"]
[Result "0-1"]
[WhiteCountry "ARG"]
[BlackCountry "ISR"]
[WhiteElo "1722"]
[WhiteRD "46"]
[BlackElo "1735"]
[BlackRD "75"]
[GameID "387360"]

1. e4 e5 2. Nf3 Nc6 3. Bb5 Nf6 4. O-O Bc5 5. c3 O-O 6. Bxc6 dxc6 7. Re1 Re8 8. d4 exd4 9. cxd4 Bb4 10. Nc3 Bg4
11. a3 Ba5 12. Bg5 h6 13. Bxf6 Qxf6 14. Re3 Rad8 15. Ne2 c5 16. Qa4 cxd4 17. Nexd4 Bb6 18. Rd1 c5 19. Nf5 Rxd1+ 20. Qxd1 Qxb2
21. Rb3 Qf6 22. h3 Bxf5 23. exf5 Qxf5 24. Nh2 c4 25. Rf3 Qe4 26. Qd2 Qb1+ 27. Nf1 Re1
0-1

[Event "Septmber blitz"]
[Site "SchemingMind.com"]
[Date "2015.09.18"]
[Round "-"]
[White "Aba"]
[Black "emvarela"]
[Result "1/2-1/2"]
[WhiteCountry "ISR"]
[BlackCountry "ARG"]
[WhiteElo "1717"]
[WhiteRD "73"]
[BlackElo "1700"]
[BlackRD "49"]
[GameID "387361"]

1. e4 e5 2. Nf3 Nc6 3. Bb5 a6 4. Ba4 Nf6 5. O-O d6 6. c3 Be7 7. Re1 O-O 8. d4 Bd7 9. d5 Na7 10. Nbd2 b5
11. Bb3 c5 12. h3 c4 13. Bc2 h6 14. b3 Qa5 15. b4 Qc7 16. g4 g5 17. Kg2 a5 18. Rh1 Kg7 19. h4 Nh7 20. Nf1 Bxg4
21. hxg5 Nxg5 22. N1h2 Qd7 23. Bxg5 Bxg5 24. bxa5 Rg8 25. Kf1 f5 26. Nxg4 fxg4 27. Nxg5 hxg5 28. Rh5 Kg6 29. Rh2 Rh8 30. Rg2 Rh1+
31. Rg1 Rah8 32. Ke2 R1h2 33. Qf1 g3 34. Rxg3 R8h3 35. Rxh3 Rxh3 36. Kd2 Qg4 37. Kc1 Rxc3 38. Kb2 Qf3 39. a3 Rxc2+ 40. Kxc2 Qxe4+
41. Kb2 Qxd5 42. Rd1 Qc5 43. Qg2 c3+ 44. Kc2 b4 45. Rd5 Qc6 46. axb4 Nb5 47. f4 Nd4+ 48. Kc1 Ne2+ 49. Qxe2 Qxd5 50. fxe5 dxe5
51. Qc2+ Kf6 52. Qxc3 g4 53. a6 g3 54. Qxg3 Qc4+ 55. Kd1 Qxa6 56. Qf3+=
1/2-1/2

[Event "Septmber blitz"]
[Site "SchemingMind.com"]
[Date "2015.09.13"]
[Round "-"]
[White "Aba"]
[Black "Scooter"]
[Result "0-1"]
[WhiteCountry "ISR"]
[BlackCountry "USA"]
[WhiteElo "1735"]
[WhiteRD "75"]
[BlackElo "1723"]
[BlackRD "47"]
[GameID "387362"]

1. e4 c6 2. d4 d5 3. Nc3 dxe4 4. Nxe4 Bf5 5. Ng3 Bg6 6. Nf3 Nd7 7. Bd3 Bxd3 8. Qxd3 Qc7 9. O-O O-O-O 10. a4 e6
11. c4 Ngf6 12. c5 Nxc5 13. Qc4 Nce4 14. Re1 Nxg3 15. fxg3 Nd5 16. Bd2 Qb6 17. a5 Qc7 18. b4 a6 19. Rac1 Qd6 20. Ne5 Qc7
21. g4 f6 22. Nd3 Bd6 23. g3 Rhe8 24. g5 fxg5 25. Nc5 Bxc5 26. bxc5 h6 27. Re5 Rd7 28. Qe2 Rf7 29. Rxe6 Rxe6 30. Qxe6+ Qd7
31. Qe4 Re7 32. Qf3 Nf6 33. Bc3 Qd5 34. Qf2 Ne4 35. Qf8+ Kd7 36. Bb2 Nd2 37. Qf2 Nf3+ 38. Kf1 Rf7 39. Ke2 Qe4+ 40. Qe3 Qxe3+
41. Kxe3 Nxh2 42. Ke2 Ng4 43. Bc3 Rf2+ 44. Kd3 Rf3+ 45. Ke4 Rf2 46. Be1 Nf6+ 47. Ke5 Re2+ 48. Kf5 Ke7 49. Bb4 Kf7 50. Bc3 g6#
0-1

[Event "Septmber blitz"]
[Site "SchemingMind.com"]
[Date "2015.09.13"]
[Round "-"]
[White "Scooter"]
[Black "Aba"]
[Result "1-0"]
[WhiteCountry "USA"]
[BlackCountry "ISR"]
[WhiteElo "1710"]
[WhiteRD "48"]
[BlackElo "1743"]
[BlackRD "79"]
[GameID "387363"]

1. d4 Nf6 2. Bf4 d5 3. e3 e6 4. Nf3 c5 5. Bb5+ Bd7 6. Bxd7+ Nbxd7 7. c3 Ne4 8. Nbd2 f5 9. Ne5 Ndf6 10. h3 c4
11. O-O Nxd2 12. Qxd2 Ne4 13. Qe2 g5 14. Qh5+ Ke7 15. Qf7+ Kd6 16. Qxb7
1-0

[Event "Septmber blitz"]
[Site "SchemingMind.com"]
[Date "2015.09.14"]
[Round "-"]
[White "Aba"]
[Black "Stephen Woodhouse"]
[Result "0-1"]
[WhiteCountry "ISR"]
[BlackCountry "ENG"]
[WhiteElo "1743"]
[WhiteRD "79"]
[BlackElo "1881"]
[BlackRD "49"]
[GameID "387364"]

1. e4 e6 2. d4 d5 3. Nc3 Nf6 4. e5 Nfd7 5. f4 c5 6. dxc5 Bxc5 7. Qg4 g6 8. Nf3 Qb6 9. Qg3 Nc6 10. a3 Nd4
11. Nxd4 Bxd4 12. Nb5 Bc5 13. b3 a6 14. Nc3 Bd4 15. Rb1 Nc5 16. Ne2 Ne4 17. Qf3 Bf2+ 18. Kd1 Bc5 19. b4 Be7 20. Be3 Qc7
21. Rc1 Bd7 22. Nd4 Rc8 23. Bd3 Nc3+ 24. Kd2 O-O 25. Ne2 Nxe2 26. Qxe2 Qc3+ 27. Kd1 Qxa3 28. c3 Rxc3 29. Rxc3 Qxc3 30. Bd2 Ba4+
0-1

[Event "Septmber blitz"]
[Site "SchemingMind.com"]
[Date "2015.09.13"]
[Round "-"]
[White "Stephen Woodhouse"]
[Black "Aba"]
[Result "1-0"]
[WhiteCountry "ENG"]
[BlackCountry "ISR"]
[WhiteElo "1881"]
[WhiteRD "49"]
[BlackElo "1743"]
[BlackRD "79"]
[GameID "387365"]

1. e4 e5 2. Nf3 Nc6 3. d4 exd4 4. Nxd4 Nxd4 5. Qxd4 c5 6. Qd1 Nf6 7. Nc3 d6 8. Bc4 Be6 9. Qe2 Bxc4 10. Qxc4 h6
11. Bf4 a6 12. O-O-O Ng4 13. Bg3 Qc7 14. Nd5 Qc6 15. Qe2 Ne5 16. Rd2 O-O-O 17. Rhd1 f6 18. Qh5 Rd7 19. Bxe5 fxe5 20. Rd3 b5
21. Qe8+ Kb7 22. Rf3 Qc8 23. Qxc8+ Kxc8 24. Nb6+ Kc7 25. Nxd7 Kxd7 26. Rf7+ Kc6 27. Rd3
1-0

[Event "Septmber blitz"]
[Site "SchemingMind.com"]
[Date "2015.09.14"]
[Round "-"]
[White "Aba"]
[Black "Ramesh Panwar"]
[Result "0-1"]
[WhiteCountry "ISR"]
[BlackCountry "IND"]
[WhiteElo "1743"]
[WhiteRD "79"]
[BlackElo "2402"]
[BlackRD "60"]
[GameID "387366"]

1. e4 c5 2. Nf3 d6 3. d4 cxd4 4. Nxd4 Nf6 5. Nc3 g6 6. f4 Bg7 7. e5 Nh5 8. g4 Nxf4 9. Bxf4 dxe5 10. Bb5+ Nd7
11. Nc6 bxc6 12. Bxc6 Rb8 13. Be3 O-O 14. Be4 Rxb2 15. O-O Nf6 16. Qc1 Rb4 17. Rd1 Qc7 18. Nd5 Nxd5 19. Bxd5 Rxg4+ 20. Kh1 Bb7
21. c4 e6 22. Rg1 Rxc4
0-1

[Event "Septmber blitz"]
[Site "SchemingMind.com"]
[Date "2015.09.13"]
[Round "-"]
[White "Ramesh Panwar"]
[Black "Aba"]
[Result "1-0"]
[WhiteCountry "IND"]
[BlackCountry "ISR"]
[WhiteElo "2415"]
[WhiteRD "59"]
[BlackElo "1735"]
[BlackRD "75"]
[GameID "387367"]

1. d4 Nf6 2. c4 g6 3. Nc3 Bg7 4. e4 d6 5. Nf3 O-O 6. Be2 e5 7. d5 a5 8. O-O Na6 9. Bd3 Nb4 10. Bb1 c5
11. a3 Na6 12. Bg5 Bd7 13. Bd3 h6 14. Be3 Ng4 15. Bd2 f5 16. h3 Nf6 17. Qc2 f4 18. Qb3 b6 19. Rad1 g5 20. Rb1 Rb8
21. Nb5 Be8 22. Rfe1 Nc7 23. Nc3 Bd7 24. Qc2 Nce8 25. b4 Nh7 26. bxc5 dxc5 27. Na4 h5 28. Bc3 Qc7 29. Nxb6 Rxb6 30. Bxa5 Rxb1
31. Bxc7 Rxe1+ 32. Nxe1 Nxc7 33. Qb2 g4 34. Qb7 gxh3 35. Qxc7 Rf7 36. Qd8+ Bf8 37. Nf3 Rg7 38. Nxe5 Nf6 39. Qxf6
1-0